000 00621nam a22002177a 4500
001 19077
003 BD-RjUL
005 20211209000400.0
008 140223r19541929enka 000 0 eng d
035 _a(BD-RjUL)19135
040 _aBD-RjUL
_beng
_cBD-RjUL
041 _aeng
082 _a822.08
_bKIN 1954
245 _aThe kings treasuries of literature /
_ceditor A. T. Quiller Couch
260 _aLondon :
_bJ. M. Dent,
_c[Reprinted 1954].
300 _a256 p. :
_bill. ;
_c16 cm.
490 1 _aModern plays in one act
650 0 _aEnglish drama
_958811
700 1 _aCouch, A. T. Quiller
_958812
942 _2ddc
_cBK
999 _c19077
_d19077